00387nam a2200145Ia 4500003000400000005001700004008004100021020001800062040000900080082002800089100001300117245004400130260005800174300000900232OSt20200520101134.0190216s9999||||xx |||||||||||||| ||und|| a9788121507806 coclc a954.023072017671bHAR/H aHardy, P 0aHistorians Of Medieval India /cP Hardy bMunshiram Manoharlal Pub Pvt Ltd,c2011.aNew Delhi: a146p